000 00288nam a2200121Ia 4500
008 190216s9999||||xx |||||||||||||| ||und||
100 _aGoel R P
245 0 _aObjective Type And Short Answers
260 _bYoung Man & Co
_c1985
300 _a372p
650 _aMathematics
942 _cREF
999 _c35595
_d35595